000 00613cam a2200205u 4500
001 9664610
003 ARRUPE
005 20170111085605.0
008 831028s1922 gw 000 0bger
010 _a 23012973
040 _aDLC
_cCarP
_dDLC
050 0 0 _aPR2820.A4
100 1 _aShakespeare, William,
_d1564-1616.
_927038
245 1 0 _aKönig Richard der Zweite,
_cby Shakespeare, William
260 _aStuttgart,
_bPhilipp Reclam Jun.
_c1961
300 _a89p.;
_c15cm.
700 1 _aSchlegel, Wilhelm Von.
_etr.
_928208
906 _a0
_bcbc
_cpremunv
_du
_encip
_f19
_gy-gencatlg
942 _2lcc
_cMONOGRAPH
999 _c125923
_d125923